|
|
|
|
| LEADER |
00000nam0a2200000 4500 |
| 001 |
200268 |
| 005 |
20231031184630.0 |
| 010 |
|
|
|a 5020054305
|
| 035 |
|
|
|a (RuTPU)RU\TPU\book\218329
|
| 090 |
|
|
|a 200268
|
| 100 |
|
|
|a 20110903d1991 k y0rusy50 ca
|
| 101 |
0 |
|
|a rus
|
| 102 |
|
|
|a RU
|
| 105 |
|
|
|a a z 001zy
|
| 200 |
1 |
|
|a Стратиграфия и флора меловых отложений Северо-Западной Камчатки
|e труды
|h Вып. 468
|f А. Б. Герман, Е. Л. Лебедев
|g Академия наук СССР (АН СССР), Геологический институт (ГИН); под ред. М. А. Ахметьева
|
| 210 |
|
|
|a Москва
|c Наука
|d 1991
|
| 215 |
|
|
|a 189 с.
|c ил.
|
| 320 |
|
|
|a Библиогр.: с. 176-182.
|
| 610 |
1 |
|
|a Северо-Западная Камчатка
|
| 610 |
1 |
|
|a флора
|
| 610 |
1 |
|
|a меловые отложения
|
| 610 |
1 |
|
|a стратиграфия
|
| 610 |
1 |
|
|a изучение
|
| 610 |
1 |
|
|a развитие
|
| 610 |
1 |
|
|a терминология
|
| 610 |
1 |
|
|a папоротники
|
| 610 |
1 |
|
|a история
|
| 675 |
|
|
|a 551.763
|v 3
|
| 675 |
|
|
|a 561.
|v 3
|
| 700 |
|
1 |
|a Герман
|b А. Б.
|g Алексей Борисович
|
| 701 |
|
1 |
|a Лебедев
|b Е. Л.
|g Евгений Леонидович
|
| 702 |
|
1 |
|a Ахметьев
|b М. А.
|4 340
|
| 712 |
0 |
2 |
|a Академия наук СССР (АН СССР)
|b Геологический институт (ГИН)
|c (Москва)
|2 stltpush
|3 (RuTPU)RU\TPU\col\11354
|
| 801 |
|
1 |
|a RU
|b 63413507
|c 20110903
|
| 801 |
|
2 |
|a RU
|b 63413507
|c 20151214
|g RCR
|
| 942 |
|
|
|c BK
|